00806nam a2200205 a 450000100060000000300090000600800410001504000280005608200160008410000330010024500410013326000530017430000070022750000600023450501630029465000640045765000500052194200120057199900170058314470CO-ViMGA141112s2004 ck r 000 u spa d aCO-ViMGAbspacCO-ViMGA04aFr209 G171h1 aGaravito J., Gregorio92119910aHistoria de la Iglesia en los Llanos aVillavicencio : bImprenta Departamental, c1994 a88 aEn : Historia de la Iglesia en los Llanos; Fr 209 G171h aMisiones de los Jesuitas Misiones Franciscanas Montfortianos Padres Salesianos Comunidades religiosas que trabajan actualmente en la Diocesis de Villavicencio14aIGLESIA - HISTORIA - LLANOS ORIENTALES - 1626 - 199492120014aMONTFORTIANOS - HISTORIA - 1904 - 1994921201 2ddccBK c25098d25098